01195nam a2200217 a 450000100100000000500170001000800410002702000180006804000250008624501130011126000510022430000270027559000250030295201050032795201050043295201050053795201060064295201060074895201060085499900170096000004718920201002053430.0180418s2016 dr a 000 spa d a9789945874297 aDO-SdBNPbspacBNPHU 0aArrecife coralino :. :bjardín de vida y color, cuentos del concurso literario infantil-juvenil 2015-2016. aSanto Domingo :bFundación Propa-Gas,c2016. a87 p. :bil. ;c26 cm. aInventariado,2018/DG 0010718PDaGRbGRcHDd2018-04-18iLF1l0o p47189-30r2020-06-25w2020-06-25yLFPDZNo se presta 0010718PDaPDbPDcHDd2018-04-18iLF1l0o p47189-10r2020-06-25w2020-06-25yLFPDZNo se presta 0010718PDaPDbPDcHDd2018-04-18iLF1l0o p47189-20r2020-06-25w2020-06-25yLFPDZNo se presta 00107-18PDaGRbGRcOId2018-04-18iLF1l0o p47190-30r2020-06-25w2020-06-25yLFPDZNo se presta 00107-18PDaPDbPDcOId2018-04-18iLF1l0o p47190-10r2020-06-25w2020-06-25yLFPDZNo se presta 00107-18PDaPDbPDcOId2018-04-18iLF1l0o p47190-20r2020-06-25w2020-06-25yLFPDZNo se presta c46677d46677